000 00458cam a2200193ua 4500
001 4050
005 20260515113755.0
008 111221n ii |||gr||||Z||||||asm
040 _cMAIN
082 _a891.4511
100 _aBora, Mahendra,
245 1 1 _aPhul tara gan
_cby Mahendra Bora
250 _a1st.
260 _aDibrugarh:
_bStudents emporium,987.
300 _a140p:
_c23cm.
653 _aAssamese poetry
653 _aPhul tara gan
942 _cBK
999 _c3870
_d3870